00509nam a22001577a 450000500170000001000150001702000260003203500140005803700130007208200100008510000170009524500690011226000530018127000840023430000330031820220517112854.0 aENG-132638 a9789389740738c595.00 aEN-116170 bDBAD/PUB a155.4 aChaube, S.P. aAn Outline of Child Psychology/cS.P. Chaube and Akhilesh Chaube aNew DelhibNeelkamal Publications Pvt. Ltdc2021 a4761/1, 23, Ansari Road, DaryaganjbNew Delhie110002mneelkamalbooks@gmail.com axxii, 370pbIndexc25cm(pbk)